Because life is a gift (Record no. 12232)

000 -LEADER
fixed length control field 00441nam a22001697a 4500
008 - FIXED-LENGTH DATA ELEMENTS--GENERAL INFORMATION
fixed length control field 220823b ||||| |||| 00| 0 eng d
020 ## - INTERNATIONAL STANDARD BOOK NUMBER
International Standard Book Number 9789382665250
082 ## - DEWEY DECIMAL CLASSIFICATION NUMBER
Classification number 362.40954
Item number DIS
100 ## - MAIN ENTRY--PERSONAL NAME
Personal name Disha
245 ## - TITLE STATEMENT
Title Because life is a gift
260 ## - PUBLICATION, DISTRIBUTION, ETC. (IMPRINT)
Place of publication, distribution, etc New Delhi
Name of publisher, distributor, etc Srishti publishers and distributors
Date of publication, distribution, etc 2014
300 ## - PHYSICAL DESCRIPTION
Extent xv, 196p.
650 ## - SUBJECT ADDED ENTRY--TOPICAL TERM
Topical term or geographic name as entry element People with disabilities
650 ## - SUBJECT ADDED ENTRY--TOPICAL TERM
Topical term or geographic name as entry element Successful people
650 ## - SUBJECT ADDED ENTRY--TOPICAL TERM
Topical term or geographic name as entry element India
942 ## - ADDED ENTRY ELEMENTS (KOHA)
Item type Books
Holdings
Withdrawn status Lost status Source of classification or shelving scheme Damaged status Not for loan Collection code Permanent location Current location Shelving location Date acquired Full call number Barcode Date last seen Koha item type Public note
          Fiction IMU-MPC Library IMU-MPC Library Fiction 2022-08-23 362.40954 DIS MPC6586 2025-03-17 Books Column-66
Copyright © 2021 Indian Maritime University, Mumbai Port Campus. All Rights Reserved. Managed & Maintained by Central Library, IMU-Mumbai

webs counters

Powered by Koha